|
|
|
|
| LEADER |
00985nab a2200157 i 4500 |
| 001 |
univ76901 |
| 005 |
20260309104052.0 |
| 008 |
260309s2026 hu o 000 hun d |
| 040 |
|
|
|a SZTE UnivHistória Repozitórium
|b hun
|
| 041 |
|
|
|a hun
|
| 245 |
0 |
0 |
|a Célegyenesben az SZTE négy és félmilliárdos krio-elektronmikroszkópos fejlesztése
|h [elektronikus dokumentum]
|
| 260 |
|
|
|c 2026-03-06
|
| 490 |
0 |
|
|a SZTE Info
|
| 561 |
|
|
|a Egyetemi hirarchívum
|
| 695 |
|
|
|a Szent-Györgyi Albert Klinikai Központ - SZAKK, Beruházás - önerős, Új egység - SZTE Krio-Elektronmikroszkóp Műszerközpont, Együttműködés - partnercégek, Együttműködés - ipar, Kutatás - fejlesztés - innováció, Kónya Zoltán - tudományos és innovációs rektorhelyettes
|
| 856 |
4 |
0 |
|u http://univ.bibl.u-szeged.hu/76901/1/Szegedi%20Tudom%C3%A1nyegyetem%20_%20C%C3%A9legyenesben%20az%20SZTE%20n%C3%A9gy%20%C3%A9s%20f%C3%A9lmilli%C3%A1rdos%20krio-elektronmikroszk%C3%B3pos%20fejleszt%C3%A9se.pdf
|z Dokumentum-elérés
|